000
00292nam a22001337a 4500
008
170502b xxu||||| |||| 00| 0 eng d
020
_a
9780314908643
041
_a
eng
080
_2
3RD
_a
347
100
_a
13
101
_a
SHJ
245
_a
CIVIL PROCEDURE
_c
SPENCER, A.B
942
_2
udc
_c
BK
999
_c
12336
_d
12336